000 00652nam a2200241Ia 4500
003 OSt
005 20221007071452.0
006 a|||||r|||| 00| 0
007 ta
008 221006b |||||||| |||| 00| 0 eng d
020 _a8180380025
024 _a9,134
037 _cTextual
040 _aFLL
_cFLL
_beng
041 _2eng
_aeng
082 _aZ3,2673, P2
100 _aRyder Rodney D. Au.
_9688833
245 0 _aIntellectual property and the internet
260 _aLondon
_bButterworths London
_c2002
300 _axxiii,805p
_ccm.
942 _hZ3,2673, P2
_cTEXL
_2CC
999 _c1143432
_d1143432